| 000 | 01083nam a22002777a 4500 | ||
|---|---|---|---|
| 001 | 5844 | ||
| 003 | FISKH | ||
| 005 | 20250124123754.0 | ||
| 008 | 250124b cb ||||| |||| 00| 0 eng d | ||
| 020 | _a9780545681056 | ||
| 040 |
_aFISKH _beng _cFISKH _dFISKH |
||
| 050 | _aE457.S26 | ||
| 082 | _a973.7092 | ||
| 100 | _aSandler, Martin W. | ||
| 245 |
_aLincoln through the lens : _bHow photography revealed and shaped an extraordinary life / _cby Martin W. Sandler |
||
| 260 |
_aNew York : _bScholastic , _c2008. |
||
| 300 |
_a97 pages : _bcolor illustrations ; _c23 cm . |
||
| 505 | _aZ | ||
| 520 | _aOffers a complete portrait of this celebrated president through a review of his childhood upbringing, political views and goals, and historic legacy through an examination of his speeches, including the Gettysburg address, period photographs, personal statements, and more. | ||
| 521 | 8 |
_a1210
_bLexile |
|
| 521 | 8 |
_aZ
_bRaz-Plus |
|
| 650 |
_aAbraham Lincoln _vnon-fiction |
||
| 700 |
_aMorris, Alyssa _eBook designer |
||
| 942 |
_2ddc _cBK _n0 |
||
| 999 |
_c5844 _d5844 |
||